SW (Record no. 118923)

MARC details
000 -LEADER
fixed length control field 00753cas a22002295a 4500
001 - CONTROL NUMBER
control field L137962
008 - FIXED-LENGTH DATA ELEMENTS--GENERAL INFORMATION
fixed length control field 070510d19922001xxkbr p 0 a0eng u
022 1# - INTERNATIONAL STANDARD SERIAL NUMBER
International Standard Serial Number 0927-7900
035 ## - SYSTEM CONTROL NUMBER
System control number (Sirsi) u137962
041 0# - LANGUAGE CODE
Language code of text/sound track or separate title eng
240 1# - UNIFORM TITLE
Uniform title Surveying World
245 00 - TITLE STATEMENT
Title SW
Remainder of title Journal for Land Survey, Hydrographic Survey and Land Information Management
260 ## - PUBLICATION, DISTRIBUTION, ETC.
Place of publication, distribution, etc. Lemmer
Name of publisher, distributor, etc. GITC
Date of publication, distribution, etc. 1992-2001
362 0# - DATES OF PUBLICATION AND/OR SEQUENTIAL DESIGNATION
Dates of publication and/or sequential designation London: 1(1) November 1992-9(5) July/August 2001
362 0# - DATES OF PUBLICATION AND/OR SEQUENTIAL DESIGNATION
Dates of publication and/or sequential designation Edinburgh: 1(1) November 1992-9(5) July/August 2001
520 ## - SUMMARY, ETC.
Summary, etc. Sponsored by the Royal Institution of Chartered Surveyors
554 ## -
-- 6 per year
651 #4 - SUBJECT ADDED ENTRY--GEOGRAPHIC NAME
Geographic name International
690 ## - LOCAL SUBJECT ADDED ENTRY--TOPICAL TERM (OCLC, RLIN)
Topical term or geographic name as entry element ENVIRONMENTAL AND LAND CONSULTANCY
785 00 - SUCCEEDING ENTRY
Title Geomatics World
International Standard Serial Number 0927-7900
942 ## - ADDED ENTRY ELEMENTS (KOHA)
Suppress in OPAC 0
Holdings
Withdrawn status Lost status Source of classification or shelving scheme Damaged status Not for loan Home library Current library Shelving location Date acquired Total Checkouts Full call number Barcode Date last seen Price effective from Koha item type
    Dewey Decimal Classification     London London Gallery 10/05/2007   GEOMATICS WORLD 137962-1001 06/08/2019 06/08/2019 Journal